[Event "Romanian Championship w Superliga"]
[Site "?"]
[Date "2009.09.23"]
[Round "?"]
[White "Uta, Adeline-Ramona"]
[Black "Dobre, Ana Margareta"]
[Result "1-0"]
[WhiteElo "2031"]
[BlackElo "1856"]
[PlyCount "81"]
[EventDate "2009.??.??"]

1. e4 c5 2. Nf3 d6 3. d4 cxd4 4. Nxd4 Nf6 5. Nc3 a6 6. Be3 e5 7. Nb3 Be6 8. f3
Be7 9. Qd2 O-O 10. O-O-O b5 11. g4 b4 12. Na4 Nc6 13. g5 Nd7 14. h4 Qc7 15. h5
Rfc8 16. Kb1 Nd4 17. Nxd4 exd4 18. Bxd4 Bxg5 19. Qg2 Bf6 20. Bxf6 Nxf6 21. b3
Rd8 22. Bd3 d5 23. Rdg1 Ne8 24. Qg5 Rac8 25. e5 d4 26. f4 Rd5 27. Qg2 Rdd8 28.
Qe4 h6 29. Qh7+ Kf8 30. f5 Bd5 31. f6 gxf6 32. exf6 Nxf6 33. Qxh6+ Ke7 34. Re1+
Be6 35. Rhf1 Nd5 36. Qg5+ Kd7 37. Re5 Rg8 38. Rxd5+ Bxd5 39. Qxd5+ Ke8 40. Qxd4
Qc6 41. Qxb4 1-0

[Event "Romanian Championship w Superliga"]
[Site "?"]
[Date "2009.09.22"]
[Round "?"]
[White "Dobre, Ana Margareta"]
[Black "Taposu Matei , Alexandra"]
[Result "0-1"]
[WhiteElo "1856"]
[BlackElo "1756"]
[PlyCount "88"]
[EventDate "2009.??.??"]

1. e4 c5 2. Nf3 d6 3. d4 cxd4 4. Nxd4 Nf6 5. Nc3 a6 6. Bg5 e6 7. f4 Be7 8. Qf3
Nc6 9. O-O-O Qc7 10. Nb3 b5 11. e5 dxe5 12. fxe5 Nd7 13. Bxe7 Kxe7 14. Qg4 Qxe5
15. Bd3 Nf6 16. Qf3 Bb7 17. Rhe1 Qg5+ 18. Kb1 Rhd8 19. h4 Qg4 20. Qf2 Kf8 21.
Qb6 Rab8 22. Nc5 Ba8 23. Qxa6 Nb4 24. Qa3 Kg8 25. Qa5 Nxd3 26. Rxd3 Rxd3 27.
Nxd3 b4 28. Qc7 Rf8 29. Nb5 Bd5 30. Nd6 Ne8 31. Nxe8 Rxe8 32. g3 Ra8 33. b3 Qd4
34. Qe7 Bxb3 35. Nxb4 Bxa2+ 36. Kc1 Bc4 37. Na2 Bxa2 38. Rf1 e5 39. Rd1 Qe3+
40. Kb2 Rb8+ 41. Kxa2 Ra8+ 42. Kb2 Qb6+ 43. Kc3 Rc8+ 44. Kd2 Qf2+ 0-1

[Event "Romanian Championship w Superliga"]
[Site "?"]
[Date "2009.09.21"]
[Round "?"]
[White "Paulet, Iosefina"]
[Black "Dobre, Ana Margareta"]
[Result "1-0"]
[WhiteElo "2342"]
[BlackElo "1856"]
[PlyCount "77"]
[EventDate "2009.??.??"]

1. e4 c5 2. Nf3 d6 3. d4 cxd4 4. Nxd4 Nf6 5. Nc3 a6 6. Bc4 e5 7. Nf5 Be6 8. Bb3
Nbd7 9. Nxd6+ Bxd6 10. Qxd6 Qe7 11. Qxe7+ Kxe7 12. Bxe6 Kxe6 13. Be3 b5 14. a3
Rac8 15. f3 Rc6 16. O-O-O Rhc8 17. Rd2 Nb6 18. Bxb6 Rxb6 19. Rhd1 Rbc6 20. Nd5
Ne8 21. Nb4 Rb6 22. Rd8 Rxd8 23. Rxd8 Nf6 24. Ra8 Nh5 25. g3 g5 26. Rxa6 Rxa6
27. Nxa6 g4 28. Kd2 f5 29. fxg4 fxg4 30. Nc7+ Kd6 31. Nxb5+ Kc6 32. Nc3 Nf6 33.
Kd3 h5 34. b4 Nh7 35. Nd5 Ng5 36. a4 Nf3 37. Nf6 Nxh2 38. Nxh5 Nf3 39. Nf6 1-0

[Event "Romanian Championship w Superliga"]
[Site "?"]
[Date "2009.09.20"]
[Round "?"]
[White "Dobre, Ana Margareta"]
[Black "Botezatu, Mirela"]
[Result "1-0"]
[WhiteElo "1856"]
[BlackElo "1845"]
[PlyCount "65"]
[EventDate "2009.??.??"]

1. f4 c5 2. b3 d5 3. Bb2 Nc6 4. Nf3 Nf6 5. e3 Bf5 6. Be2 e6 7. O-O Bd6 8. a4
O-O 9. Na3 Qe7 10. Qe1 Rad8 11. Ne5 d4 12. Nxc6 bxc6 13. Bf3 e5 14. Bxc6 exf4
15. exf4 Qc7 16. Bf3 Bxf4 17. g3 Bg5 18. Rf2 Ng4 19. Re2 Qd7 20. d3 Be3+ 21.
Kh1 Ne5 22. Rxe3 dxe3 23. Bxe5 Rfe8 24. Nc4 Bxd3 25. cxd3 Qxd3 26. Qc3 Qf5 27.
Qxe3 Rd3 28. Be4 Rxe3 29. Bxf5 Rxb3 30. Bf4 Rc3 31. Nd6 Re7 32. Rb1 g6 33. Bh6
1-0

[Event "Romanian Championship w Superliga"]
[Site "?"]
[Date "2009.09.19"]
[Round "?"]
[White "Dobre, Ana Margareta"]
[Black "Chirita, Andra Marina"]
[Result "1-0"]
[WhiteElo "1856"]
[BlackElo "2037"]
[PlyCount "101"]
[EventDate "2009.??.??"]

1. e4 e6 2. d4 d5 3. exd5 exd5 4. Bf4 Nf6 5. Nf3 Be7 6. Bd3 Bg4 7. c3 O-O 8.
Nbd2 Nbd7 9. O-O c5 10. Rc1 Qb6 11. Re1 Rfe8 12. Qc2 c4 13. Bf1 Bd6 14. Bxd6
Qxd6 15. g3 b5 16. Bg2 Rab8 17. b4 Qc7 18. h3 Bxf3 19. Bxf3 a5 20. a3 g6 21.
Nf1 axb4 22. axb4 Ra8 23. Rxe8+ Rxe8 24. Ra1 Nb6 25. Qd2 Na4 26. Ne3 Qd6 27.
Re1 Kg7 28. h4 Ne4 29. Bxe4 Rxe4 30. h5 Kf8 31. Kg2 Qd7 32. f3 Re6 33. Rh1 Qe8
34. Kf2 Nb2 35. Qxb2 Rxe3 36. Qd2 Rd3 37. Qh6+ Kg8 38. hxg6 Rxf3+ 39. Kxf3 Qe4+
40. Kf2 Qc2+ 41. Kf1 Qd1+ 42. Kf2 Qc2+ 43. Kg1 Qd1+ 44. Kh2 Qe2+ 45. Kh3 fxg6
46. Qf4 Qh5+ 47. Kg2 Qe2+ 48. Qf2 Qe4+ 49. Qf3 Qc2+ 50. Kh3 Kg7 51. Rf1 1-0

[Event "CN Juniori Voineasa - F18"]
[Site "?"]
[Date "2009.04.14"]
[Round "?"]
[White "Anusca, Madalina-Maria"]
[Black "Dobre, Ana Margareta"]
[Result "1/2-1/2"]
[WhiteElo "2005"]
[BlackElo "1845"]
[PlyCount "101"]
[EventDate "2009.??.??"]

1. e4 c5 2. Nf3 d6 3. d4 cxd4 4. Nxd4 Nf6 5. Nc3 a6 6. Bc4 e5 7. Nf3 h6 8. Be3
Be6 9. Bb3 Be7 10. h3 O-O 11. Qd2 Nbd7 12. O-O b5 13. a3 Nb6 14. Bxb6 Qxb6 15.
Nd5 Bxd5 16. Bxd5 Rac8 17. Rfd1 Nxd5 18. exd5 f5 19. c3 Qb7 20. a4 b4 21. cxb4
Rc4 22. b5 axb5 23. axb5 Qxb5 24. Ra5 Qb3 25. Ra3 Qb6 26. Nxe5 dxe5 27. d6 Rd4
28. dxe7 Re8 29. Qc2 Rxd1+ 30. Qxd1 Rxe7 31. Qd3 e4 32. Qd5+ Qe6 33. Ra8+ Kf7
34. Qxe6+ Rxe6 35. Rb8 g5 36. Kf1 e3 37. fxe3 Rxe3 38. Kf2 f4 39. b4 Rb3 40. b5
Kg7 41. Rb7+ Kg6 42. Rb6+ Kg7 43. Rb8 Kh7 44. b6 Kg7 45. h4 g4 46. b7 Rb2+ 47.
Kf1 f3 48. gxf3 gxf3 49. h5 Kh7 50. Rf8 Rxb7 51. Rxf3 1/2-1/2

[Event "CN Juniori Voineasa - F18"]
[Site "?"]
[Date "2009.04.13"]
[Round "?"]
[White "Dobre, Ana Margareta"]
[Black "Todoran, Maria-Elena"]
[Result "1-0"]
[WhiteElo "1845"]
[BlackElo "1792"]
[PlyCount "63"]
[EventDate "2009.??.??"]

1. e4 c5 2. Nf3 d6 3. g3 g6 4. Bg2 Bg7 5. O-O Nc6 6. c3 e5 7. Na3 Nge7 8. Nc2
f5 9. d3 O-O 10. Ne3 Kh8 11. exf5 gxf5 12. Ng5 Bf6 13. Qh5 Bxg5 14. Qxg5 f4 15.
Ng4 Rf5 16. Qh4 Qf8 17. Be4 Ng6 18. Qh3 Rg5 19. f3 Bf5 20. Qh6 Qxh6 21. Nxh6
Be6 22. g4 Nge7 23. h4 Rg7 24. c4 Rf8 25. Kf2 b6 26. Bd2 Nd4 27. b4 Nec6 28.
bxc5 dxc5 29. Bc3 Rd7 30. Rfe1 Rd6 31. Bxc6 Nxc6 32. Rxe5 1-0

[Event "CN Juniori Voineasa - F18"]
[Site "?"]
[Date "2009.04.12"]
[Round "?"]
[White "Dobre, Ana Margareta"]
[Black "Mastacan, Camelia"]
[Result "0-1"]
[WhiteElo "1845"]
[BlackElo "1784"]
[PlyCount "100"]
[EventDate "2009.??.??"]

1. e4 e5 2. Bc4 Nf6 3. d3 h6 4. Nc3 c6 5. Nf3 Qc7 6. O-O d6 7. h3 Be6 8. Bxe6
fxe6 9. Nh2 g5 10. d4 exd4 11. Qxd4 e5 12. Qc4 Nbd7 13. Be3 O-O-O 14. a4 Kb8
15. a5 a6 16. b4 d5 17. exd5 cxd5 18. Qxc7+ Kxc7 19. Na2 d4 20. Bd2 Ne4 21. Nf3
Ndf6 22. Rfd1 Bd6 23. Rab1 g4 24. hxg4 Nxg4 25. Be1 Rdf8 26. c4 dxc3 27. Nxc3
Nxc3 28. Bxc3 Rhg8 29. Re1 Rf5 30. b5 e4 31. b6+ Kb8 32. Rxe4 Rxf3 33. gxf3
Nf6+ 34. Kf1 Nxe4 35. fxe4 h5 36. e5 Bc5 37. Re1 h4 38. e6 Kc8 39. Re4 Be7 40.
Be5 Kd8 41. Rc4 Rg6 42. Bc7+ Ke8 43. Re4 Kf8 44. f4 Rg4 45. Kf2 Bc5+ 46. Kf1 h3
47. Re5 h2 48. Rxc5 h1=Q+ 49. Ke2 Qe4+ 50. Kf1 Qf3+ 0-1

[Event "CN Juniori Voineasa - F18"]
[Site "?"]
[Date "2009.04.11"]
[Round "?"]
[White "Nagy, Erika-Izabella"]
[Black "Dobre, Ana Margareta"]
[Result "1/2-1/2"]
[WhiteElo "1796"]
[BlackElo "1845"]
[PlyCount "68"]
[EventDate "2009.??.??"]

1. e4 c5 2. Nf3 d6 3. d4 cxd4 4. Nxd4 Nf6 5. Nc3 a6 6. Be2 e5 7. Nb3 Be6 8. Be3
Be7 9. O-O O-O 10. f3 d5 11. exd5 Nxd5 12. Nxd5 Bxd5 13. Qe1 Qc7 14. Bd3 Nd7
15. Rd1 Be6 16. Qg3 Rac8 17. Kh1 Kh8 18. Rd2 Rfd8 19. Rfd1 Bf6 20. Be4 Rb8 21.
Qf2 Be7 22. Qe1 b5 23. Qg1 a5 24. a3 a4 25. Nc5 Nxc5 26. Rxd8+ Rxd8 27. Rxd8+
Qxd8 28. Bxc5 Bxc5 29. Qxc5 Qd1+ 30. Qg1 Qd2 31. h3 g6 32. Qc5 Qc1+ 33. Kh2
Qf4+ 34. Kh1 Qc1+ 1/2-1/2

[Event "CN Juniori Voineasa - F18"]
[Site "?"]
[Date "2009.04.11"]
[Round "?"]
[White "Olarasu, Ioana"]
[Black "Dobre, Ana Margareta"]
[Result "0-1"]
[WhiteElo "1820"]
[BlackElo "1845"]
[PlyCount "70"]
[EventDate "2009.??.??"]

1. d4 d5 2. c4 c6 3. e3 Nf6 4. Nf3 Bf5 5. Nc3 e6 6. a3 Be7 7. Be2 O-O 8. O-O
dxc4 9. Bxc4 Nbd7 10. Bd3 Bxd3 11. Qxd3 c5 12. Qb5 Qb6 13. dxc5 Qxb5 14. Nxb5
Nxc5 15. Nbd4 Nfe4 16. b4 Nd3 17. Ne1 Nxc1 18. Rxc1 Nd2 19. Rc7 Bf6 20. Rxb7
Nxf1 21. Kxf1 a5 22. b5 Bxd4 23. exd4 Rfd8 24. Nf3 f6 25. Ke2 a4 26. Rb6 Rdb8
27. Rxe6 Rxb5 28. Nd2 Rb2 29. Kd3 Ra2 30. Nc4 Rxf2 31. d5 Kf7 32. Nd6+ Kf8 33.
Nc4 Rxg2 34. d6 Rd8 35. Re7 Rxd6+ 0-1

[Event "CN Juniori Voineasa - F18"]
[Site "?"]
[Date "2009.04.10"]
[Round "?"]
[White "Dobre, Ana Margareta"]
[Black "Capraru, Roxana-Elena"]
[Result "1/2-1/2"]
[WhiteElo "1845"]
[BlackElo "1641"]
[PlyCount "82"]
[EventDate "2009.??.??"]

1. e4 e5 2. Nc3 Nc6 3. f4 Bb4 4. Bc4 Nf6 5. Nf3 d6 6. O-O O-O 7. d3 exf4 8.
Bxf4 Bxc3 9. bxc3 d5 10. exd5 Nxd5 11. Ng5 Nxf4 12. Nxf7 Rxf7 13. Rxf4 Ne5 14.
Qh5 Qe7 15. Re4 Bf5 16. Qxf5 Qc5+ 17. Kh1 Qxc4 18. Qxe5 Qc6 19. h3 Raf8 20.
Rae1 Qg6 21. Qe6 Qg3 22. Rf1 Qg6 23. Qxf7+ Qxf7 24. Rxf7 Rxf7 25. Re8+ Rf8 26.
Rxf8+ Kxf8 27. Kh2 Ke7 28. Kg3 Ke6 29. Kf4 Kd5 30. g4 c5 31. Kf5 b5 32. a3 a5
33. g5 b4 34. cxb4 cxb4 35. axb4 axb4 36. h4 Kd4 37. h5 Kc3 38. d4 Kxd4 39. g6
hxg6+ 40. Kxg6 Kc3 41. Kxg7 Kxc2 1/2-1/2

[Event "CN Juniori Voineasa - F18"]
[Site "?"]
[Date "2009.04.09"]
[Round "?"]
[White "Dobre, Ana Margareta"]
[Black "Ilie, Maria Ruxandra"]
[Result "0-1"]
[WhiteElo "1845"]
[BlackElo "1896"]
[PlyCount "94"]
[EventDate "2009.??.??"]

1. e4 c5 2. Nf3 Nc6 3. d3 g6 4. g3 Bg7 5. Bg2 Nf6 6. O-O d6 7. Re1 O-O 8. Nbd2
Bd7 9. Nf1 Qc8 10. h4 Bh3 11. Ng5 Bxg2 12. Kxg2 h6 13. Nh3 e6 14. Ne3 d5 15.
Ng4 Nxg4 16. Qxg4 dxe4 17. Rxe4 Qe8 18. Qd1 f5 19. Re1 e5 20. f4 Qd7 21. Be3
Qd5+ 22. Kh2 Nd4 23. Bxd4 exd4 24. Ng1 Rae8 25. Qf3 Qxf3 26. Nxf3 Kf7 27. Kg2
Bf6 28. Kf2 b5 29. a4 Rxe1 30. Kxe1 Re8+ 31. Kd2 Re3 32. Ne5+ Bxe5 33. fxe5
Rxe5 34. axb5 Re7 35. Ra6 Rb7 36. c4 dxc3+ 37. bxc3 Rxb5 38. Rxa7+ Kf6 39. Rc7
g5 40. h5 g4 41. Ke3 Kg5 42. Rf7 Rb2 43. d4 cxd4+ 44. Kxd4 Rg2 45. Ke5 Rxg3 46.
Rxf5+ Kh4 47. c4 Rf3 0-1

[Event "CN Juniori Voineasa - F18"]
[Site "?"]
[Date "2009.04.09"]
[Round "?"]
[White "Uta, Adeline-Ramona"]
[Black "Dobre, Ana Margareta"]
[Result "1-0"]
[WhiteElo "2068"]
[BlackElo "1845"]
[PlyCount "81"]
[EventDate "2009.??.??"]

1. e4 d6 2. Nc3 f5 3. d4 Nf6 4. Bd3 e6 5. Nf3 Be7 6. O-O O-O 7. Re1 h6 8. exf5
exf5 9. Nh4 Ng4 10. Ng6 Re8 11. Bc4+ Kh7 12. Bf7 Rf8 13. Nxf8+ Qxf8 14. Bc4 Bd7
15. Nd5 Bd8 16. Nf4 Nc6 17. f3 Nf6 18. Ne6 Bxe6 19. Bxe6 g6 20. d5 Ne5 21. Bf4
Nfd7 22. Bxd7 Nxd7 23. Re2 Bf6 24. c3 Ne5 25. Bxe5 Bxe5 26. Qd2 f4 27. Qd3 Re8
28. Rae1 a6 29. Qc4 Qf7 30. Qb3 c6 31. dxc6 Qxb3 32. axb3 bxc6 33. Kf1 Rb8 34.
b4 a5 35. bxa5 Ra8 36. Rxe5 dxe5 37. Rxe5 Kg7 38. b4 Kf6 39. Rc5 Ra6 40. Ke2 h5
41. h4 1-0

[Event "CN Juniori Voineasa - F18"]
[Site "?"]
[Date "2009.04.08"]
[Round "?"]
[White "Dobre, Ana Margareta"]
[Black "Adam, Andreea"]
[Result "1/2-1/2"]
[WhiteElo "1845"]
[BlackElo "1896"]
[PlyCount "115"]
[EventDate "2009.??.??"]

1. e4 e5 2. Bc4 Nf6 3. d3 d6 4. Nc3 Be7 5. f4 Nc6 6. Nf3 O-O 7. f5 Na5 8. Bb3
Nxb3 9. axb3 d5 10. O-O dxe4 11. dxe4 Bc5+ 12. Kh1 Qxd1 13. Rxd1 Ng4 14. Rd5
Bb6 15. Na4 Nf2+ 16. Kg1 Nxe4+ 17. Nxb6 cxb6 18. Rxe5 Nf6 19. h3 a6 20. g4 Bd7
21. Be3 Rac8 22. c3 b5 23. Re1 h6 24. Bc5 Rfe8 25. b4 Bc6 26. Nd4 Rxe5 27. Rxe5
Nd7 28. Nxc6 bxc6 29. Re7 Nxc5 30. bxc5 a5 31. Kf2 Rd8 32. Rc7 Rd2+ 33. Ke3
Rxb2 34. Rc8+ Kh7 35. Rxc6 Rh2 36. Rb6 Rxh3+ 37. Kd2 b4 38. cxb4 axb4 39. Rxb4
Ra3 40. c6 Ra8 41. Kd3 Rc8 42. Rc4 h5 43. g5 f6 44. gxf6 gxf6 45. Kd4 Kh6 46.
Kd5 Kg5 47. Kd6 h4 48. c7 h3 49. Kd7 Rh8 50. c8=Q Rxc8 51. Kxc8 Kxf5 52. Rh4
Kg5 53. Rxh3 Kg4 54. Rh8 f5 55. Rg8+ Kf3 56. Kd7 f4 57. Ke6 Ke2 58. Re8 1/2-1/2

[Event "Campionatele Nationale de sah"]
[Site "?"]
[Date "2009.02.08"]
[Round "?"]
[White "Capraru, Roxana-Elena"]
[Black "Dobre, Ana Margareta"]
[Result "1/2-1/2"]
[WhiteElo "1615"]
[BlackElo "1880"]
[PlyCount "134"]
[EventDate "2009.??.??"]

1. e4 e5 2. Nf3 Nc6 3. Nc3 Nf6 4. Bb5 Bc5 5. d3 d6 6. O-O h6 7. h3 O-O 8. Be3
Nd7 9. Bxc6 bxc6 10. Qd2 f5 11. exf5 Rxf5 12. d4 Bb4 13. Qd3 Qf8 14. Qc4+ d5
15. Qxc6 e4 16. Nh4 Nb8 17. Qxa8 Rh5 18. Qxb8 Rxh4 19. Qxc7 Bd6 20. Qa5 Rxh3
21. Qxd5+ Kh8 22. Qxe4 Bf5 23. gxh3 Bxe4 24. Nxe4 Bc7 25. Ng3 Qf3 26. Rfe1 h5
27. h4 g5 28. Bxg5 Bxg3 29. Re8+ Kh7 30. Re7+ Kg8 31. Re8+ Kh7 32. fxg3 Qxg3+
33. Kf1 Qf3+ 34. Ke1 Qh1+ 35. Kd2 Qxa1 36. Re7+ Kg8 37. Rxa7 Qxb2 38. Ra8+ Kf7
39. Ra7+ Kg8 40. Kd3 Qb1 41. a4 Qd1+ 42. Kc3 Qe1+ 43. Kc4 Qe2+ 44. Kb3 Qd1 45.
Ra8+ Kf7 46. Ra7+ Kg8 47. Ra8+ Kf7 48. Rd8 Qb1+ 49. Kc3 Qa1+ 50. Kd3 Qxa4 51.
c3 Qd1+ 52. Kc4 Qa4+ 53. Kd3 Qd1+ 54. Ke4 Qc2+ 55. Ke5 Qxc3 56. Rd7+ Kf8 57.
Rd8+ Kf7 58. Ke4 Qe1+ 59. Kf4 Qf2+ 60. Ke5 Qe2+ 61. Kf4 Qf2+ 62. Ke5 Qe2+ 63.
Kf5 Qf3+ 64. Ke5 Qe2+ 65. Kd6 Qa6+ 66. Kc5 Qa5+ 67. Kd6 Qa6+ 1/2-1/2

[Event "Campionatele Nationale de sah"]
[Site "?"]
[Date "2009.02.06"]
[Round "?"]
[White "Morea, Georgiana-Steluta"]
[Black "Dobre, Ana Margareta"]
[Result "1-0"]
[WhiteElo "1774"]
[BlackElo "1880"]
[PlyCount "53"]
[EventDate "2009.??.??"]

1. c4 e5 2. g3 Nf6 3. Bg2 d5 4. cxd5 Nxd5 5. Nc3 Nb6 6. Nf3 Nc6 7. O-O Be7 8.
e3 Bf6 9. b3 O-O 10. Bb2 Re8 11. Ne4 Bg4 12. h3 Bxf3 13. Qxf3 Be7 14. Rfd1 Bf8
15. Rac1 Nb4 16. d4 Nxa2 17. dxe5 Qe7 18. Ra1 Nb4 19. Qg4 Kh8 20. Ng5 h6 21.
Nf3 Qe6 22. Qh5 Kg8 23. Nd4 Qc8 24. Be4 c6 25. e6 fxe6 26. Qg6 e5 27. Nf5 1-0

[Event "Campionatele Nationale de sah"]
[Site "?"]
[Date "2009.02.05"]
[Round "?"]
[White "Dobre, Ana Margareta"]
[Black "Gelip, Ioana"]
[Result "0-1"]
[WhiteElo "1880"]
[BlackElo "1760"]
[PlyCount "108"]
[EventDate "2009.??.??"]

1. e4 c5 2. Nf3 a6 3. a4 d6 4. d4 cxd4 5. Nxd4 Nc6 6. Be3 Nf6 7. Nc3 e5 8. Nb3
Be6 9. Be2 Be7 10. O-O O-O 11. Nd2 d5 12. exd5 Nxd5 13. Nxd5 Bxd5 14. Bf3 f5
15. Bxd5+ Qxd5 16. Qe2 Kh8 17. Rfd1 Qe6 18. Nc4 f4 19. Bb6 f3 20. gxf3 Rf4 21.
b3 Raf8 22. Re1 Rxf3 23. Nxe5 Nxe5 24. Qxe5 Qxb6 25. Qxe7 Rxf2 26. Qe3 Rf1+ 27.
Kg2 Qxe3 28. Rxf1 Qe2+ 29. Kg1 Rxf1+ 30. Rxf1 Kg8 31. Rf2 Qe4 32. Kf1 g5 33.
Rg2 Kf7 34. Rf2+ Kg6 35. Kg1 h5 36. h3 Qh4 37. Rf3 g4 38. Re3 g3 39. Kg2 Kh6
40. c4 Qd4 41. Rxg3 Qd2+ 42. Kf1 Qd1+ 43. Kf2 Qh1 44. Re3 Kg5 45. Rf3 a5 46.
Rd3 Kf4 47. Rd4+ Kf5 48. Rd3 Qh2+ 49. Kf1 Kf4 50. Ke1 Qc2 51. Rd5 Qxb3 52. Rxh5
Qg3+ 53. Kd2 Qe3+ 54. Kc2 Qe2+ 0-1

[Event "Campionatele Nationale de sah"]
[Site "?"]
[Date "2009.02.04"]
[Round "?"]
[White "Anton, Roxana-Ana"]
[Black "Dobre, Ana Margareta"]
[Result "1-0"]
[WhiteElo "1693"]
[BlackElo "1880"]
[PlyCount "85"]
[EventDate "2009.??.??"]

1. e4 c5 2. Nc3 e6 3. f4 d5 4. Nf3 Nc6 5. d3 Nf6 6. g3 dxe4 7. Nxe4 Nxe4 8.
dxe4 Qxd1+ 9. Kxd1 Bd7 10. c3 f6 11. Be3 e5 12. f5 g6 13. g4 h5 14. Nh4 O-O-O
15. Kc2 hxg4 16. Nxg6 Rh7 17. Be2 Rg7 18. Nxf8 Rxf8 19. Bh6 Rff7 20. Bxg7 Rxg7
21. Rag1 Ne7 22. Bxg4 Bc6 23. Kd3 c4+ 24. Ke3 Kc7 25. Bf3 Rh7 26. h4 Kd7 27.
Rg4 Ke8 28. Rhg1 Kf8 29. Be2 b5 30. b3 cxb3 31. axb3 Bd7 32. Ra1 Nc8 33. Ra5
Be8 34. Bxb5 Bh5 35. Rg2 Rc7 36. Bc4 Rc6 37. Ra6 Rc5 38. Rxf6+ Ke7 39. Re6+ Kd7
40. Rg7+ Kd8 41. Rh6 Be8 42. Rh8 Nd6 43. f6 1-0

[Event "Campionatele Nationale de sah"]
[Site "?"]
[Date "2009.02.03"]
[Round "?"]
[White "Dobre, Ana Margareta"]
[Black "Anusca, Madalina-Maria"]
[Result "1/2-1/2"]
[WhiteElo "1880"]
[BlackElo "1996"]
[PlyCount "151"]
[EventDate "2009.??.??"]

1. e4 c5 2. Nf3 d6 3. d4 cxd4 4. Nxd4 Nf6 5. Nc3 a6 6. Be2 e6 7. Be3 Nbd7 8.
O-O Nc5 9. Bd3 b5 10. f4 b4 11. e5 bxc3 12. exf6 gxf6 13. b4 Nxd3 14. Qxd3 Bb7
15. Qxc3 Rg8 16. Rf2 f5 17. Qb3 Rg6 18. Re1 Be4 19. c4 Be7 20. Rd1 Qc7 21. Qa4+
Qd7 22. Qxd7+ Kxd7 23. c5 Rag8 24. Rdd2 Rb8 25. a3 Rgg8 26. Nb3 Bd5 27. cxd6
Bxd6 28. Bc5 Rgd8 29. Bxd6 Kxd6 30. Nc5 a5 31. Rb2 axb4 32. axb4 Rb5 33. Rfd2
Rdb8 34. Nd3 Ke7 35. Kf2 Be4 36. Nc5 Rxb4 37. Ra2 R8b5 38. Ra7+ Ke8 39. Nxe4
fxe4 40. Ke3 Rd5 41. Rc2 Rb3+ 42. Ke2 Rd7 43. Rxd7 Kxd7 44. Ra2 Ke7 45. Ra8 Kf6
46. Ra5 Ke7 47. Rh5 f5 48. Rxh7+ Kf6 49. Rh6+ Kf7 50. Rh7+ Kg6 51. Rd7 Rb2+ 52.
Rd2 Rb6 53. Kf2 Kh5 54. h3 Kh4 55. Rc2 Ra6 56. Rc3 Ra2+ 57. Kg1 Rd2 58. Kh2 Rd6
59. Rb3 Kh5 60. Kg1 Kh4 61. Kh2 Kh5 62. Kg1 Rd5 63. Rb6 e5 64. fxe5 Rxe5 65.
Kf2 Kg5 66. g3 Ra5 67. h4+ Kh5 68. Rf6 Rd5 69. Rf8 Ra5 70. Rg8 Ra2+ 71. Ke3
Ra3+ 72. Ke2 Rf3 73. Rg7 Kh6 74. Rg8 Rd3 75. Rg5 Rf3 76. Rg8 1/2-1/2

[Event "Campionatele Nationale de sah"]
[Site "?"]
[Date "2009.02.02"]
[Round "?"]
[White "Peptan, Corina-Isabela"]
[Black "Dobre, Ana Margareta"]
[Result "1-0"]
[WhiteElo "2401"]
[BlackElo "1880"]
[PlyCount "33"]
[EventDate "2009.??.??"]

1. e4 c5 2. Nf3 d6 3. Nc3 Nf6 4. e5 dxe5 5. Nxe5 a6 6. a4 b6 7. Bc4 e6 8. Qe2
Bb7 9. Nxf7 Kxf7 10. Qxe6+ Kg6 11. Qf7+ Kf5 12. Qxb7 Nbd7 13. Qf3+ Kg6 14. Qg3+
Kf5 15. Qd3+ Kg4 16. h4 Kh5 17. Qf5+ 1-0

[Event "Campionatele Nationale de sah"]
[Site "?"]
[Date "2009.??.??"]
[Round "?"]
[White "Dobre, Ana Margareta"]
[Black "Baciu  Ionescu , Otilia Anca"]
[Result "1-0"]
[WhiteElo "1880"]
[BlackElo "2165"]
[PlyCount "53"]
[EventDate "2009.??.??"]

1. e4 c5 2. Nf3 e6 3. d4 cxd4 4. Nxd4 Nf6 5. Bd3 a6 6. Be3 Qc7 7. Nd2 d5 8. f4
dxe4 9. Nxe4 Nbd7 10. Qf3 Be7 11. O-O Nxe4 12. Bxe4 Nf6 13. Bd3 O-O 14. Kh1 Bd7
15. Rae1 Rac8 16. Bd2 Rfe8 17. Re5 b5 18. Qh3 g6 19. Qg3 Nd5 20. f5 Bf6 21.
fxg6 hxg6 22. Rxf6 Nxf6 23. Bxg6 Qd6 24. Nf3 Bc6 25. Bh6 Kh8 26. Qh4 Nh7 27.
Bg7+ 1-0

[Event "C. N. Copii si Juniori F-16"]
[Site "?"]
[Date "2007.04.18"]
[Round "?"]
[White "Dobre, Ana Margareta"]
[Black "Ilie, Maria Ruxandra"]
[Result "1/2-1/2"]
[WhiteElo "1819"]
[BlackElo "1824"]
[PlyCount "84"]
[EventDate "2007.??.??"]

1. e4 c5 2. Nc3 Nc6 3. d3 e6 4. g3 d5 5. Bg2 Nf6 6. f4 dxe4 7. dxe4 Qxd1+ 8.
Kxd1 Bd7 9. Nf3 O-O-O 10. e5 Be8+ 11. Ke2 Nd5 12. Ne4 Nd4+ 13. Nxd4 cxd4 14.
Bd2 Bc6 15. Rhg1 Kb8 16. Rad1 Be7 17. a3 h6 18. Bc1 Nc7 19. b4 Nb5 20. Bb2 f5
21. Nf2 Bxg2 22. Rxg2 g5 23. Nd3 Rc8 24. Kf1 Rhd8 25. Ne1 g4 26. Rgd2 Nc3 27.
Bxc3 dxc3 28. Rd7 Rxd7 29. Rxd7 Rc7 30. Rd4 a5 31. Nd3 axb4 32. axb4 Kc8 33.
Kg2 Rc6 34. b5 Rc7 35. Ra4 Kd7 36. h3 h5 37. h4 Bd8 38. Rd4+ Ke7 39. Kf2 Rc8
40. Ke2 Bb6 41. Rd6 Bc7 42. Rd4 Bb6 1/2-1/2

[Event "C.N. copii si juniori F-16"]
[Site "Amara-Romania"]
[Date "2007.04.17"]
[Round "8.1"]
[White "Adam, Andreea"]
[Black "Dobre, Ana Margareta"]
[Result "1-0"]
[WhiteElo "1874"]
[BlackElo "1819"]
[PlyCount "105"]
[EventDate "2007.04.12"]

1. e4 e5 2. Nf3 f5 3. d4 fxe4 4. Nxe5 Nf6 5. Bg5 d5 6. c4 c6 7. cxd5 cxd5 8.
Nc3 Qb6 9. Bb5+ Bd7 10. Bxf6 Bxb5 11. Nxd5 Bb4+ 12. Nxb4 Qxf6 13. Qh5+ g6 14.
Nxg6 hxg6 15. Qxb5+ Nc6 16. Qxb7 O-O 17. O-O Nxd4 18. Qxe4 Rae8 19. Qg4 Re2 20.
Nd5 Qe5 21. Qxg6+ Kh8 22. Qh6+ Kg8 23. Ne3 Rf6 24. Qh3 Rg6 25. Rae1 Qe4 26.
Rxe2 Nxe2+ 27. Kh1 Nf4 28. Qf3 Qd4 29. Nf5 Qe5 30. Ne7+ Qxe7 31. Qxf4 Rf6 32.
Qg5+ Kh8 33. Rc1 Qd8 34. Qh5+ Kg7 35. Rd1 Qc7 36. Qg4+ Kf8 37. Qd4 Ke7 38. h4
Qb7 39. Qd8+ Ke6 40. Qe8+ Kf5 41. Qd7+ Qxd7 42. Rxd7 Kg4 43. f3+ Kxh4 44. Rxa7
Kg3 45. Kg1 Rd6 46. Rg7+ Kf4 47. b4 Ke3 48. a4 Rd1+ 49. Kh2 Kf2 50. Rc7 Rd2 51.
a5 Rd6 52. Rc2+ Ke3 53. b5 1-0

[Event "C. N. Copii si Juniori F-16"]
[Site "?"]
[Date "2007.04.16"]
[Round "?"]
[White "Nagy, Erika-Izabella"]
[Black "Dobre, Ana Margareta"]
[Result "0-1"]
[WhiteElo "1726"]
[BlackElo "1819"]
[PlyCount "61"]
[EventDate "2007.??.??"]

1. e4 d5 2. exd5 Qxd5 3. d4 Nc6 4. Be3 e5 5. dxe5 Qxd1+ 6. Kxd1 Nxe5 7. Be2 Bf5
8. Nf3 O-O-O+ 9. Nbd2 Nc6 10. Bc4 Bg6 11. c3 Nf6 12. Re1 Ne4 13. Ke2 Nxd2 14.
Nxd2 Ne5 15. Bb3 Nd3 16. Reb1 Bc5 17. Bxc5 Nxc5 18. Rd1 Nd3 19. Nf3 Rhe8+ 20.
Kf1 Nxb2 21. Rxd8+ Rxd8 22. Ne5 Nd3 23. Nxf7 Rf8 24. Be6+ Kb8 25. Rd1 Bxf7 26.
Bxf7 Nxf2 27. Kxf2 Rxf7+ 28. Ke3 Kc8 29. Ke2 c6 30. Rd4 Rd7 31. a3 0-1

[Event "C. N. Copii si Juniori F-16"]
[Site "?"]
[Date "2007.04.14"]
[Round "?"]
[White "Dobre, Ana Margareta"]
[Black "Uta, Adeline-Ramona"]
[Result "0-1"]
[WhiteElo "1819"]
[BlackElo "2053"]
[PlyCount "112"]
[EventDate "2007.??.??"]

1. d4 Nf6 2. Nf3 d5 3. Bf4 Bf5 4. e3 e6 5. Bd3 Bxd3 6. cxd3 Bd6 7. Bg3 Nc6 8.
O-O Bxg3 9. hxg3 Ne7 10. Nc3 Ng6 11. Qb3 Rb8 12. Rac1 c6 13. Rfe1 h5 14. Qa4 h4
15. gxh4 Nxh4 16. Nxh4 Rxh4 17. g3 Rh6 18. Kg2 Ng4 19. Rh1 Qf6 20. Qc2 Kd7 21.
Na4 Rbh8 22. Nc5+ Kc7 23. Nxb7 Rh2+ 24. Rxh2 Rxh2+ 25. Kg1 Qxf2+ 26. Qxf2 Rxf2
27. Na5 Rxb2 28. Nxc6 Kb6 29. a4 Nxe3 30. Nd8 Rg2+ 31. Kh1 Rxg3 32. Nxf7 Nf5
33. Ne5 Nxd4 34. Rb1+ Ka5 35. Rb7 a6 36. Ra7 g5 37. Kh2 Re3 38. Nd7 Rxd3 39.
Rxa6+ Kxa6 40. Nc5+ Ka5 41. Nxd3 Kxa4 42. Kg3 Kb3 43. Kg4 Kc3 44. Nf2 e5 45.
Kxg5 Nf3+ 46. Kg4 e4 47. Kf4 Kd4 48. Ng4 Nd2 49. Ne3 Nc4 50. Nc2+ Kc3 51. Ne1
Kd2 52. Ng2 e3 53. Kf3 e2 54. Kf2 d4 55. Ne1 d3 56. Ng2 Kd1 0-1